[Event "London Classic FIDE Open"]
[Site "London ENG"]
[Date "2011.12.11"]
[Round "9"]
[White "Aryan,C"]
[Black "Frank Nielsen,M"]
[Result "1/2-1/2"]
[WhiteElo "1836"]
[BlackElo "2015"]

1.e4 c5 2.Nf3 e6 3.d4 cxd4 4.Nxd4 Nc6 5.Nc3 Qc7 6.Be2 a6 7.Be3 Nf6 8.O-O Bb4
9.Na4 O-O 10.Nxc6 bxc6 11.Nb6 Rb8 12.Nxc8 Qxc8 13.Ba7 Ra8 14.Bd4 Be7 15.e5 Nd5
16.c4 Nf4 17.Bf3 f6 18.exf6 Bxf6 19.Bc5 Rf7 20.Qd2 Ng6 21.Bd6 Be5 22.Be4 Bxd6
23.Qxd6 Qf8 24.Qd3 Qc5 25.Bxg6 hxg6 26.Rac1 Qf5 27.Qe2 Qh5 28.f3 Qc5+ 29.Kh1 Rb8
30.Rfd1 a5 31.Rc2 Rb4 32.h3 a4 33.Qd3 g5 34.Re1 Qa5 35.Qc3 Qb6 36.Re4 Qb8
37.Rce2 Rf4 38.Rd2 Rxe4 39.fxe4 Rb7 40.e5 Qf8 41.Kg1 Qf5 42.Rf2 Qb1+ 43.Kh2 Qe4
44.b4 axb3 45.axb3 c5 46.Qg3 Qg6 47.Qf3 Rb8 48.Qd1 g4 49.hxg4 Qh6+ 50.Kg1 Qe3
51.Qxd7 Ra8 52.Qxe6+ Kh8 53.Qf5 Ra2 54.e6 Rxf2 55.Qxf2 Qxe6 56.Qf8+ Kh7 57.Qf5+ Qxf5
58.gxf5 Kh6 59.Kf2 Kg5 60.Ke3 Kxf5 61.b4 cxb4 62.Kd4 Ke6 63.c5 b3 64.Kc3 b2  1/2-1/2

[Event "3rd Balkan GP Individual"]
[Site "Podgorica MNE"]
[Date "2011.12.11"]
[Round "1"]
[White "Pancevski,F"]
[Black "Ivanisevic,I"]
[Result "1/2-1/2"]
[WhiteElo "2442"]
[BlackElo "2636"]

1.e4 c5 2.Nc3 e6 3.Nf3 Nc6 4.d4 cxd4 5.Nxd4 Qc7 6.Be3 a6 7.Bd3 Nf6 8.O-O h5
9.h3 b5 10.Nxc6 Qxc6 11.a3 Bb7 12.Qe2 Rc8 13.f3 Bc5 14.e5 Nd5 15.Nxd5 Qxd5
16.Bxc5 Rxc5 17.Rfe1 Qd4+ 18.Qf2 Qxf2+ 19.Kxf2 Ke7 20.b4 Rc7 21.a4 Bd5 22.axb5 axb5
23.Bxb5 Rb8 24.Bd3 Rxb4 25.Reb1 Rcb7 26.Rxb4 Rxb4 27.Ra5 Bc6 28.Rc5 Ra4 29.g3 h4
30.Rc4 hxg3+ 31.Kxg3 Ra5 32.Be4 Bxe4 33.Rxe4 Rc5 34.c4 f5 35.exf6+ gxf6 36.h4 f5
37.Rd4 e5 38.Rd1 Rxc4 39.h5 Ke6 40.h6 d5 41.h7 Rc8 42.Rh1 Rh8 43.Rh6+ Kf7
44.Kh4 Kg7 45.Kg5 Rd8 46.h8=Q+ Rxh8 47.Rxh8 Kxh8 48.Kxf5 d4 49.Ke4 Kg7 50.f4  1/2-1/2

[Event "78th ch-BRA"]
[Site "Campinas BRA"]
[Date "2011.12.12"]
[Round "3"]
[White "Santiago,Y"]
[Black "Di Berardino,D"]
[Result "1-0"]
[WhiteElo "2335"]
[BlackElo "2491"]

1.e4 c5 2.Nf3 e6 3.d4 cxd4 4.Nxd4 Nc6 5.Nc3 a6 6.Be3 Nf6 7.Qd2 Bb4 8.O-O-O O-O
9.f3 d5 10.a3 Be7 11.exd5 Nxd5 12.Nxd5 Qxd5 13.Qc3 Nxd4 14.Qxd4 Qa5 15.Qb6 Qa4
16.Bc5 Bxc5 17.Qxc5 Bd7 18.Qd4 Qxd4 19.Rxd4 Bc6 20.Bc4 Rac8 21.Re1 h6 22.b3 g5
23.h4 Kg7 24.Bd3 Kf6 25.f4 gxh4 26.f5 e5 27.Rd6+ Kg5 28.Rxe5 Rce8 29.Rc5 Bxg2
30.f6+ Kf4 31.Rd4+ Kg3 32.Bf5 Bf3 33.Rc3 Re1+ 34.Kb2 Rg8 35.Rdd3 Kg2 36.Rxf3 Rg3
37.Rf4 Rxc3 38.Kxc3 Re3+ 39.Kd4  1-0

[Event "Sportaccord WMG Blitz"]
[Site "Beijing CHN"]
[Date "2011.12.13"]
[Round "13"]
[White "Dominguez Perez,L"]
[Black "Ivanchuk,V"]
[Result "0-1"]
[WhiteElo "2712"]
[BlackElo "2775"]

1.e4 c5 2.Nf3 Nc6 3.d4 cxd4 4.Nxd4 e6 5.Nc3 a6 6.Be3 Nf6 7.f3 Qc7 8.Qd2 b5
9.O-O-O Ne5 10.Nb3 Be7 11.Qf2 O-O 12.g4 d6 13.g5 Nfd7 14.Rg1 b4 15.Nb1 a5
16.Nd4 a4 17.f4 Nc4 18.Nb5 Qc6 19.Nd4 Qc5 20.Nf5 Nxe3 21.Nxe7+ Kh8 22.Rd3 Nxf1
23.Rxf1 Ba6 24.Rh3 Qxf2 25.Rxf2 Nc5 26.Rff3 g6 27.f5 Nxe4 28.fxg6 Nxg5 29.Rfg3 Kg7
30.Rxg5 fxg6 31.Rg1 Bb5 32.Rh4 Rf7 33.Rxb4 Bd7 34.Rb6 Rxe7 35.Rxd6 Rf8 36.Nc3 Rf2
37.Rd2 Ref7 38.Ne4 Bc6 39.Re1 R7f5 40.b4 axb3 41.axb3 Rh5 42.c4 Rhxh2 43.Kc2 Rh3
44.b4 h5  0-1

[Event "14th Padova Open"]
[Site "Padova ITA"]
[Date "2011.12.13"]
[Round "3"]
[White "Solodovnichenko,Y"]
[Black "Djuric,S"]
[Result "1-0"]
[WhiteElo "2629"]
[BlackElo "2459"]

1.e4 c5 2.Nf3 e6 3.d4 cxd4 4.Nxd4 Nc6 5.Nc3 a6 6.Be3 Nf6 7.f4 d6 8.Qf3 e5
9.Nxc6 bxc6 10.Bc4 Be7 11.f5 O-O 12.O-O-O Qa5 13.g4 Qb4 14.g5 Qxc4 15.gxf6 Bxf6
16.Rxd6 Be7 17.Rh6 f6 18.Rg1 Kh8 19.Nd5 cxd5 20.Qg4 g5 21.Qh5  1-0

[Event "3rd Balkan GP Individual"]
[Site "Podgorica MNE"]
[Date "2011.12.13"]
[Round "4"]
[White "Radulski,J"]
[Black "Filip,L"]
[Result "1/2-1/2"]
[WhiteElo "2565"]
[BlackElo "2471"]

1.e4 c5 2.Nf3 e6 3.Nc3 Nc6 4.d4 cxd4 5.Nxd4 Qc7 6.g3 a6 7.Bg2 Nf6 8.O-O Nxd4
9.Qxd4 Bc5 10.Qd3 d6 11.b3 O-O 12.Na4 Ba7 13.Ba3 Rd8 14.Rad1 d5 15.c4 d4
16.Qd2 e5 17.Nb2 Bc5 18.Bxc5 Qxc5 19.Nd3 Qc7 20.h3 Bd7 21.f4 Bc6 22.Rde1 Nd7
23.Nb4 Qa5 24.Rf2 f6 25.Bf3 Kh8 26.Nd3 Qxd2 27.Rxd2 b6 28.fxe5 Nxe5 29.Bg2 Nxd3
30.Rxd3 Ra7 31.e5 Bxg2 32.Kxg2 Re7 33.e6 Rd6 34.Re4 Kg8 35.Rdxd4 Rxd4 36.Rxd4 Rxe6
37.Kf3 Kf7 38.Rd7+ Re7 39.Rxe7+ Kxe7 40.Ke4 Kd6 41.Kf5 Ke7 42.b4 g6+ 43.Ke4 Kd6
44.Kd4 Kc6 45.g4 Kd6 46.h4 Kc6 47.h5 Kd6 48.h6 Kc6 49.c5 bxc5+ 50.bxc5 a5
51.a4 f5 52.gxf5 gxf5 53.Ke5 Kxc5 54.Kxf5 Kd5  1/2-1/2

[Event "3rd Balkan GP Individual"]
[Site "Podgorica MNE"]
[Date "2011.12.13"]
[Round "6"]
[White "Pancevski,F"]
[Black "Filip,L"]
[Result "1/2-1/2"]
[WhiteElo "2442"]
[BlackElo "2471"]

1.e4 c5 2.Nc3 e6 3.Nf3 Nc6 4.d4 cxd4 5.Nxd4 Qc7 6.Be3 Nf6 7.f4 Nxd4 8.Qxd4 b6
9.Nb5 Qc6 10.Qc4 Rb8 11.Nxa7 Qxe4 12.Qxe4 Nxe4 13.Nxc8 Rxc8 14.Bd3 Bc5 15.Ke2 Bxe3
16.Kxe3 Nc5 17.Bb5 Ke7 18.Rhd1 Rc7 19.Rd4 Nb7 20.Rad1 d5 21.c3 Nd6 22.Bd3 Ra8
23.a3 g6 24.g4 Rh8 25.f5 b5 26.fxe6 fxe6 27.Rb4 Nc4+ 28.Ke2 Rc5 29.Ra1 g5
30.a4 bxa4 31.Raxa4 h5 32.Bxc4 dxc4 33.Rxc4 Rxc4 34.Rxc4 hxg4 35.Rxg4 Rxh2+
36.Ke3 Rxb2 37.Rxg5 Kd6 38.Rh5 Rg2 39.Kd4 Rg4+ 40.Kd3 Rg3+  1/2-1/2

[Event "3rd Balkan GP Individual"]
[Site "Podgorica MNE"]
[Date "2011.12.13"]
[Round "8"]
[White "Radulski,J"]
[Black "Ivanisevic,I"]
[Result "1-0"]
[WhiteElo "2565"]
[BlackElo "2636"]

1.e4 c5 2.Nf3 e6 3.Nc3 Nc6 4.d4 cxd4 5.Nxd4 Qc7 6.g3 a6 7.Bg2 h5 8.O-O h4
9.Re1 hxg3 10.hxg3 d6 11.Bg5 f6 12.Be3 g5 13.Nxc6 bxc6 14.e5 fxe5 15.Bxg5 d5
16.Qe2 Bd6 17.Rad1 Qg7 18.Ne4 Bc7 19.Rd3 a5 20.Bf3 Qh7 21.c4 Qh2+ 22.Kf1 Qh3+
23.Bg2 Qh5 24.Qd2 Rh7 25.Bh4 Qg6 26.cxd5 exd5 27.Nc5 Ne7 28.Rde3 Rh5 29.Nd3 Ba6
30.Kg1 e4 31.Nc5 Rxh4 32.gxh4 Bb6 33.Rg3 Qf6 34.Nxa6 Rxa6 35.h5 a4 36.Bxe4 dxe4
37.Rxe4 Ra5 38.h6 Rf5 39.Rg8+ Kf7 40.Rg7+ Kf8 41.Rexe7 Qh4 42.Re8+  1-0

[Event "Sportaccord WMG Blindfold w"]
[Site "Beijing CHN"]
[Date "2011.12.14"]
[Round "2"]
[White "Kosteniuk,A"]
[Black "Dzagnidze,N"]
[Result "0-1"]
[WhiteElo "2439"]
[BlackElo "2516"]

1.e4 c5 2.Nf3 e6 3.d4 cxd4 4.Nxd4 Nc6 5.Nc3 Qc7 6.Be2 a6 7.O-O Nf6 8.Be3 Bb4
9.Na4 Be7 10.Nxc6 bxc6 11.Bb6 Qf4 12.Bd3 d5 13.g3 Qb8 14.exd5 cxd5 15.Be3 e5
16.c3 Bh3 17.Re1 O-O 18.Qb3 Qc8 19.Nb6 Qc6 20.Qa4 Qb7 21.Bf1 Bxf1 22.Rxf1 Rab8
23.Qd1 Rfd8 24.Na4 Qd7 25.Rb1 h5 26.Bc5 Bxc5 27.Nxc5 Qf5 28.Qd3 e4 29.Qe2 d4
30.cxd4 Rxd4 31.Rbc1 Rbd8 32.Nb3 Rd3 33.Rfe1 h4 34.Rc5 Qh3 35.Qf1 hxg3 36.Qxh3 gxf2+
37.Kxf2 Rxh3 38.Kg2 Rh4 39.Rc3 Rd5 40.h3 Nh5 41.Nc5 Rd2+ 42.Kg1 f5 43.Ne6 Kf7
44.Rc6 Nf6 45.Rxa6 Rxb2 46.Rf1 e3 47.Re1 f4 48.Rf1 e2 49.Re1 Ne4 50.Ra4 Kxe6
51.Rxe4+ Kf5 52.Re7 Rxh3 53.Rxg7 Rg3+ 54.Rxg3 fxg3 55.a4 Kf4 56.Kg2 Ra2 57.a5 Ke3
58.Kxg3 Rxa5 59.Rb1 Rg5+ 60.Kh4 Rg8 61.Ra1 Kf2  0-1

[Event "18th Zadar Open A"]
[Site "Zadar CRO"]
[Date "2011.12.14"]
[Round "6.5"]
[White "Brkic,A"]
[Black "Jankovic,A"]
[Result "0-1"]
[WhiteElo "2605"]
[BlackElo "2564"]

1.e4 c5 2.Nc3 e6 3.Nf3 Nc6 4.d4 cxd4 5.Nxd4 Qc7 6.Be3 a6 7.Be2 Nf6 8.O-O Be7
9.f4 d6 10.a4 O-O 11.Kh1 Re8 12.Bd3 Bd7 13.Qf3 Nb4 14.a5 Bc6 15.Qg3 Nd7 16.f5 Bf8
17.fxe6 fxe6 18.Nxe6 Rxe6 19.Bc4 Re8 20.Qh3 Bd5 21.Bxd5 Nxd5 22.Nxd5 Qxc2
23.Bd4 Ne5 24.Bxe5 Rxe5 25.Qd7 h6 26.Qf7+ Kh8 27.Nf4 Kh7 28.Ng6 Rg5 29.Rf2 Qxe4
30.Nxf8+ Kh8 31.Raf1 Rxa5 32.Ng6+ Kh7 33.Nf8+ Kh8 34.Ng6+ Kh7 35.Nf4 Re7
36.Qb3 Rf5 37.Kg1 Ref7 38.Nh3 Qd4 39.Qc2 Kh8 40.Rd1 Rxf2 41.Qc8+ Kh7  0-1

[Event "18th Zadar Open A"]
[Site "Zadar CRO"]
[Date "2011.12.14"]
[Round "6.2"]
[White "Saric,Iv"]
[Black "Kozul,Z"]
[Result "0-1"]
[WhiteElo "2648"]
[BlackElo "2577"]

1.e4 c5 2.Nf3 Nc6 3.Nc3 e6 4.d4 cxd4 5.Nxd4 Qc7 6.Be2 Nf6 7.O-O Be7 8.Be3 a6
9.f4 d6 10.Kh1 O-O 11.Qe1 Nxd4 12.Bxd4 b5 13.a3 Bb7 14.Qg3 Rad8 15.Rae1 Bc6
16.Bd3 Rfe8 17.Nd1 Rd7 18.Ne3 Qd8 19.Bc3 Bf8 20.Ng4 Nxg4 21.Qxg4 e5 22.Re3 g6
23.f5 Bg7 24.h4 h5 25.Qh3 Kh7 26.g4 hxg4 27.Qxg4 Bh6 28.Rg3 Rg8 29.Rf2 Qf6
30.Rff3 Rdd8 31.fxg6+ Qxg6 32.Qxg6+ fxg6 33.Rf6 Bf4 34.Rg4 g5 35.hxg5 Bxg5
36.Rf7+ Kh6 37.Rf3 Bd7 38.Rg2 Bf4 39.Bd2 Rxg2 40.Bxf4+ exf4 41.Kxg2 Kg5 42.Rf1 Rh8
43.Re1 Bg4 44.Bf1 Bh3+ 45.Kf3 Bxf1 46.Rxf1 Rh3+ 47.Kg2 Kg4 48.Rd1 f3+ 49.Kf2 Rh2+
50.Ke3 Re2+ 51.Kd3 Kf4 52.Rh1 Re3+ 53.Kd2 f2 54.Rh6 Rf3  0-1

[Event "Sportaccord WMG Blindfold"]
[Site "Beijing CHN"]
[Date "2011.12.15"]
[Round "5"]
[White "Vallejo Pons,F"]
[Black "Giri,A"]
[Result "1/2-1/2"]
[WhiteElo "2705"]
[BlackElo "2714"]

1.e4 c5 2.Ne2 Nc6 3.d4 cxd4 4.Nxd4 e6 5.Nc3 Qc7 6.Be3 a6 7.Qd2 Nf6 8.O-O-O Be7
9.f3 O-O 10.g4 b5 11.g5 Nh5 12.Nce2 Rd8 13.Ng3 Nxd4 14.Qxd4 Nf4 15.h4 Bb7
16.Kb1 Rac8 17.Rd2 Bc5 18.Qxc5 Qxc5 19.Bxc5 Rxc5 20.Ne2 Nxe2 21.Bxe2 Kf8
22.c3 Ke7 23.Rg1 Rh8 24.Kc2 h6 25.gxh6 g6 26.Rg5 d6 27.b4 Re5 28.c4 bxc4
29.Bxc4 Rxh6 30.Rxe5 dxe5 31.b5 axb5 32.Bxb5 Bc8 33.Rh2 Bd7 34.a4 Bxb5 35.axb5 Kd6
36.Kb3 Kc5 37.Ka4 Kb6 38.Kb4 f5 39.Rd2 fxe4 40.fxe4 Rxh4 41.Rd6+ Kc7 42.Kc5 Rxe4
43.Rxe6 Rf4 44.Re7+ Kb8 45.Rxe5 Rf5 46.Rxf5 gxf5 47.Kd4 f4 48.Ke4 f3 49.Kxf3 Kc7
50.b6+ Kc6 51.Kf2 Kxb6  1/2-1/2

[Event "UTD GM Invitational"]
[Site "Richardson USA"]
[Date "2011.12.15"]
[Round "1"]
[White "Hansen,Eric"]
[Black "Iotov,V"]
[Result "1-0"]
[WhiteElo "2447"]
[BlackElo "2576"]

1.e4 c5 2.Nf3 e6 3.d4 cxd4 4.Nxd4 Nc6 5.Nc3 Qc7 6.g3 a6 7.Bg2 Nf6 8.O-O d6
9.Re1 Nd7 10.Nce2 Be7 11.b3 O-O 12.Bb2 Rd8 13.c4 Nxd4 14.Nxd4 Bf6 15.Qd2 Nc5
16.Rad1 Bd7 17.Ne2 Bxb2 18.Qxb2 Rac8 19.Qd2 Be8 20.Nd4 b5 21.cxb5 axb5 22.Rc1 Qb6
23.h3 g6 24.Rc2 Nd7 25.Rec1 Rc5 26.Kh2 Rdc8 27.Rxc5 dxc5 28.Nf3 c4 29.Rc2 c3
30.Rxc3 Rxc3 31.Qxc3 Qxf2 32.Qd2 Qc5 33.b4 Qc7 34.Qd4 Qc2 35.a3 Qb3 36.Qa7 Qd3
37.e5 Qe2 38.Qd4 Qa2 39.Qd6 Qxa3 40.Qe7 Qa8 41.Ng5 Qb8 42.Ne4 Kg7 43.Nd6 Nxe5
44.Nxe8+ Kg8 45.Nf6+ Kg7 46.Ne4 h5 47.Qf6+ Kg8 48.Qf4 Kg7 49.Nf6 h4 50.Qxh4 Nc4
51.Qg5 Qe5 52.Ne8+ Kf8 53.Qd8 Ne3 54.Nd6+ Kg7 55.Qe7 Nxg2 56.Qxf7+ Kh6 57.Qf8+ Kh7
58.Qe7+ Kg8 59.Ne8  1-0

[Event "European Blitz 2011"]
[Site "Warsaw POL"]
[Date "2011.12.16"]
[Round "1"]
[White "Naiditsch,A"]
[Black "Zurkowski,A"]
[Result "1-0"]
[WhiteElo "2712"]
[BlackElo "2021"]

1.e4 c5 2.Nf3 e6 3.d4 cxd4 4.Nxd4 Nc6 5.Nc3 Nf6 6.Ndb5 Bb4 7.a3 Bxc3+ 8.Nxc3 d5
9.exd5 exd5 10.Bd3 O-O 11.O-O h6 12.Re1 d4 13.Ne2 Be6 14.Bf4 Qd7 15.Bg3 a6
16.Nf4 Bf5 17.Bxf5 Qxf5 18.Qd3 Qd7 19.Rad1 Rad8 20.Qb3 Rfe8 21.h3 b5 22.Rxe8+ Rxe8
23.c3 Re4 24.f3 Re8 25.cxd4 Na5 26.Qb4 Nc4 27.d5 Qf5 28.d6 Qc2 29.Re1 Rd8
30.Re2 Qc1+ 31.Kh2 Rxd6 32.b3 Rd1 33.Re1 a5 34.Rxd1 Qxd1 35.Qxb5 Ne3 36.h4 Nf1+
37.Kh3 Nxg3 38.Kxg3 Qe1+ 39.Kh2 Qxh4+ 40.Nh3 Qd4 41.Qxa5 Qd6+ 42.Kg1 Qd1+
43.Kf2 Qxb3 44.Qb4 Qc2+ 45.Kg1 Qd1+ 46.Kh2 Qc1 47.a4 Qc7+ 48.Qf4 Qa7 49.Qc4 Qb8+
50.Kh1 Nh5 51.Kg1 Qb1+ 52.Kf2 Qb2+ 53.Kf1 Qb1+ 54.Kf2 Qb2+ 55.Kg1 Qb1+ 56.Kh2 Qb8+
57.f4 g5 58.Qb5 Qd6 59.Qe5 Qa3 60.fxg5 Qxa4 61.gxh6 Qd1 62.Nf4  1-0

[Event "European Blitz 2011"]
[Site "Warsaw POL"]
[Date "2011.12.16"]
[Round "2"]
[White "Doluhanova,E"]
[Black "Movsesian,S"]
[Result "0-1"]
[WhiteElo "2276"]
[BlackElo "2710"]

1.e4 c5 2.Nf3 e6 3.d4 cxd4 4.Nxd4 Nc6 5.Nc3 Qc7 6.Be3 a6 7.Qd2 Nf6 8.f3 b5
9.O-O-O Bb4 10.Kb1 O-O 11.g4 Bb7 12.g5 Ne8 13.a3 Be7 14.h4 b4 15.axb4 Bxb4
16.h5 Ne5 17.Bf4 d6 18.g6 Rb8 19.Kc1 Bxc3 20.Qxc3 Qxc3 21.bxc3 hxg6 22.hxg6 Nxg6
23.Bg3 Ne5 24.Rh4 Nf6 25.Be2 g6 26.Nb3 Nh5 27.Bh2 Rfd8 28.Rh1 Nf6 29.Bg3 Kf8
30.Bf2 Ke7 31.Bd4 Nfd7 32.Na5 Nc6 33.Nxc6+ Bxc6 34.Bxa6 e5 35.Be3 Ra8 36.Bd3 Ra1+
37.Kd2 Rxh1 38.Rxh1 d5 39.Bg5+ f6 40.Rh7+ Ke6 41.exd5+ Bxd5 42.Be3 Bxf3 43.c4 e4  0-1

[Event "European Blitz 2011"]
[Site "Warsaw POL"]
[Date "2011.12.16"]
[Round "3"]
[White "Piorun,K"]
[Black "Movsesian,S"]
[Result "0-1"]
[WhiteElo "2520"]
[BlackElo "2710"]

1.e4 c5 2.Nf3 e6 3.d4 cxd4 4.Nxd4 Nc6 5.Nc3 Qc7 6.Be3 a6 7.Qd2 Nf6 8.O-O-O Be7
9.f3 O-O 10.g4 b5 11.g5 Nh5 12.Nce2 Nxd4 13.Bxd4 Bb7 14.Ng3 Nf4 15.Be3 Bxg5
16.Rg1 Rac8 17.Kb1 f6 18.h4 Bh6 19.Nh5 e5 20.Nxf4 exf4 21.Bf2 Rf7 22.Bh3 Kh8
23.c3 Bc6 24.Ka1 Re8 25.Bd4 d5 26.exd5  0-1

[Event "European Blitz 2011"]
[Site "Warsaw POL"]
[Date "2011.12.16"]
[Round "4"]
[White "Socko,B"]
[Black "Movsesian,S"]
[Result "0-1"]
[WhiteElo "2635"]
[BlackElo "2710"]

1.e4 c5 2.Nf3 e6 3.d4 cxd4 4.Nxd4 Nc6 5.Nc3 Qc7 6.Be3 a6 7.a3 b5 8.Be2 Bb7
9.f4 Rc8 10.Nxc6 Qxc6 11.Bf3 Qc7 12.e5 Ne7 13.O-O Nf5 14.Bf2 h5 15.Bxh5 Bc5
16.Bf3 Ne3 17.Qd3 Nxf1 18.Rxf1 Bxf3 19.Qxf3 Bxa3 20.Ne4 Be7 21.c3 d5 22.exd6 Bxd6
23.Bd4 Kf8 24.Qg3 Rg8 25.Qh4 Be7 26.Qh5 Qb7 27.Re1 Qd5 28.Qh3 b4 29.Qd3 bxc3
30.bxc3 a5 31.Qa6 Ra8 32.Qb6 a4 33.Nd2 a3 34.c4 Qd8 35.Nb3 Qxb6 36.Bxb6 g5
37.fxg5 Rxg5 38.c5 a2 39.c6 Rb5  0-1

[Event "European Blitz 2011"]
[Site "Warsaw POL"]
[Date "2011.12.16"]
[Round "9"]
[White "Volokitin,And"]
[Black "Movsesian,S"]
[Result "0-1"]
[WhiteElo "2695"]
[BlackElo "2710"]

1.e4 c5 2.Nf3 e6 3.d4 cxd4 4.Nxd4 Nc6 5.Nc3 Qc7 6.Be3 a6 7.Qd2 Nf6 8.O-O-O Be7
9.f3 O-O 10.g4 b5 11.g5 Nh5 12.Nde2 Ne5 13.f4 Nc4 14.Qd3 Nxe3 15.Qxe3 Bb7
16.Bg2 b4 17.Na4 Bc6 18.Nb6 Rab8 19.Nc4 Bb5 20.b3 Bxc4 21.bxc4 Qxc4 22.Kb1 Rfc8  0-1

[Event "European Blitz 2011"]
[Site "Warsaw POL"]
[Date "2011.12.16"]
[Round "11"]
[White "Andriasian,Z"]
[Black "Movsesian,S"]
[Result "1/2-1/2"]
[WhiteElo "2619"]
[BlackElo "2710"]

1.e4 c5 2.Nf3 e6 3.d4 cxd4 4.Nxd4 Nc6 5.Nc3 Qc7 6.f4 a6 7.Be3 b5 8.Bd3 Bb7
9.Qf3 Nf6 10.O-O h5 11.Kh1 Be7 12.a3 Rc8 13.Rae1 d6 14.Qh3 g6 15.Bg1 Qd7
16.Nf3 Ng4 17.Nd1 f5 18.Ne3 Nd8 19.Nh4 Bxh4 20.Qxh4 Nxe3 21.Rxe3 fxe4 22.Bxe4 Bxe4
23.Rxe4 Rxc2 24.Qf6 Rg8 25.Bb6 Qe7 26.Qd4 Rc6 27.Ba5 d5 28.Re2 Nb7 29.Bb4 Qg7
30.Qxd5 Qd7 31.Qf3 a5 32.Bc3 Nc5 33.Bxa5 Kf7 34.Rd2 Rd6 35.Rxd6 Qxd6 36.Bb4 Qd4
37.Bc3 Qd5 38.Qe3 Rd8 39.h3 Ne4 40.Re1 Nxc3 41.Qxc3 Qd2 42.Re3 Qxc3 43.Rxc3 Rd5
44.Kg1 Kf6 45.g3 Kf5 46.Kf2 Rd2+ 47.Kf3 Rxb2 48.g4+  1/2-1/2

[Event "European Blitz 2011"]
[Site "Warsaw POL"]
[Date "2011.12.16"]
[Round "13"]
[White "Socko,B"]
[Black "Shimanov,A"]
[Result "1-0"]
[WhiteElo "2635"]
[BlackElo "2549"]

1.e4 c5 2.Nf3 e6 3.d4 cxd4 4.Nxd4 Nc6 5.Nc3 Qc7 6.Be3 Nf6 7.a3 Be7 8.Be2 O-O
9.f4 d6 10.g4 a6 11.g5 Nd7 12.Qd2 b5 13.Nxc6 Qxc6 14.O-O-O Nb6 15.Qd4 Rb8
16.h4 Rd8 17.h5 d5 18.h6 Bf8 19.hxg7 Bxg7 20.e5 Nd7 21.Rh3 a5 22.Bd3 Nf8
23.Rdh1 b4 24.Nb1 bxa3 25.Nxa3 Rb4 26.Qc3 Bb7 27.Qxc6 Bxc6 28.Bd2 Ra4 29.b3 Rb4
30.Bxb4 axb4 31.Nb5 Ng6 32.Nd4 Bd7 33.Bxg6 hxg6 34.Kb2 Rc8 35.Ra1 Bf8 36.Nf3 Rc3
37.Rah1 Bg7 38.Nh4 Rc8 39.Ng2 Bb5 40.Re1 Rc7 41.Ne3 Rc3 42.Reh1 Be2 43.R1h2 Bh5
44.Nf1 Rc8 45.Ng3 Bg4 46.Rh4 Bf3 47.Rf2 Bd1 48.Rh1 Bg4 49.Rh4 Bd1 50.Rd2 Bf3
51.Rd4 Bf8 52.Rd2 Rc7 53.Rdh2 Bg7 54.Ne2 Be4 55.Nd4 Rc5 56.R4h3 Rc8 57.Nb5 Rc6
58.Nd4 Rc8 59.c3 Rb8 60.cxb4 Rxb4 61.Kc3 Rb7 62.b4 Rc7+ 63.Kb3 Rc4 64.Nb5 Rc1
65.Nd6 Bf5 66.Rh4 Re1 67.Ne8 Re3+ 68.Ka4 Re4 69.Nf6+ Kf8 70.Rh8+  1-0

[Event "18th Zadar Open A"]
[Site "Zadar CRO"]
[Date "2011.12.16"]
[Round "8.16"]
[White "Jakic,I"]
[Black "Jovanic,O"]
[Result "1-0"]
[WhiteElo "2398"]
[BlackElo "2476"]

1.e4 c5 2.Nf3 e6 3.d4 cxd4 4.Nxd4 Nc6 5.Nc3 Qc7 6.Be3 Nf6 7.Bd3 a6 8.O-O Bd6
9.Nxc6 bxc6 10.f4 e5 11.f5 Be7 12.Qf3 Bb7 13.Bc4 O-O 14.Rad1 a5 15.Rf2 a4
16.a3 Qa5 17.g4 h6 18.h4 d5 19.g5 dxc4 20.gxf6 Bxf6 21.Rd6 Bxh4 22.Rg2 Bg5
23.Rxh6 Bxh6 24.Bxh6 g6 25.Qh5 Qc5+ 26.Kh1 Qe7 27.Bxf8  1-0

[Event "ch-POR w 2011-12"]
[Site "Lisbon POR"]
[Date "2011.12.17"]
[Round "1.4"]
[White "Nogueira,Diana Sofia"]
[Black "Oliveira,Maria"]
[Result "0-1"]
[WhiteElo "1475"]
[BlackElo "1870"]

1.e4 c5 2.Nf3 e6 3.Nc3 Nc6 4.d4 cxd4 5.Nxd4 Qc7 6.Be2 Nf6 7.O-O Be7 8.f4 d6
9.Be3 O-O 10.a3 a6 11.Qd3 Nxd4 12.Qxd4 b5 13.Qb6 Qxb6 14.Bxb6 Bb7 15.Bf3 Nd7
16.Ba5 Rac8 17.Rad1 Nb8 18.e5 Bxf3 19.Rxf3 dxe5 20.Bb6 exf4 21.Rxf4 Bxa3
22.bxa3 Rxc3 23.Rf2 h6 24.Ba5 Rcc8 25.Bb4 Rfd8 26.Rfd2 Rxd2 27.Rxd2 Nc6 28.Bd6 Rd8
29.Bf4 Rxd2 30.Bxd2 Kf8 31.Kf2 Ke7 32.Ke3 e5 33.Ke4 Ke6 34.h3 f5+ 35.Kd3 Kd5
36.g3 g5 37.h4 gxh4 38.gxh4 h5 39.Bg5 f4 40.Kd2 Ke4  0-1

[Event "TCh-NED Meesterklasse 2011-12"]
[Site "Netherlands NED"]
[Date "2011.12.17"]
[Round "4.9"]
[White "Pijpers,A"]
[Black "Muhren,B"]
[Result "1/2-1/2"]
[WhiteElo "2313"]
[BlackElo "2307"]

1.e4 c5 2.Nf3 e6 3.d4 cxd4 4.Nxd4 Nc6 5.Nc3 Qc7 6.Be3 Nf6 7.Be2 a6 8.a3 b5
9.Nxc6 dxc6 10.f4 Bb7 11.O-O Rd8 12.Qe1 c5 13.e5 Nd7 14.Bf3 c4 15.a4 Bxf3
16.Rxf3 Qc6 17.Bf2 Bc5 18.Qe4 Bxf2+ 19.Rxf2 Qb6 20.axb5 axb5 21.b3 cxb3 22.Qb4 Nc5
23.Qxb5+ Qxb5 24.Nxb5 b2 25.Rb1 Na4 26.Rf3 O-O 27.Nc3 Nxc3 28.Rxc3 f6 29.exf6 Rxf6
30.g3 e5 31.fxe5 Rb6 32.Rf3 Rd2 33.Rf2 Rd5 34.c4 Rxe5 35.Rbxb2 Re1+ 36.Kg2 Rxb2
37.Rxb2 Rc1 38.Rb8+ Kf7 39.Rc8 Rc2+ 40.Kh3 h5 41.Rc7+  1/2-1/2

[Event "European Rapid 2011"]
[Site "Warsaw POL"]
[Date "2011.12.17"]
[Round "2"]
[White "Wisniowska,K"]
[Black "Melkumyan,H"]
[Result "0-1"]
[WhiteElo "2100"]
[BlackElo "2615"]

1.e4 c5 2.Nf3 e6 3.d4 cxd4 4.Nxd4 Nc6 5.Nc3 Qc7 6.g3 a6 7.Bg2 Nf6 8.O-O Nxd4
9.Qxd4 Bc5 10.Bf4 d6 11.Qd3 h6 12.Rad1 e5 13.Be3 Be6 14.Kh1 O-O 15.Bxc5 dxc5
16.Nd5 Bxd5 17.exd5 Qd6 18.f4 Rfe8 19.fxe5 Rxe5 20.Rf5 Re7 21.Qf3 Rae8 22.Rf1 Re2
23.Rf2 R2e4 24.h3 Re3 25.Qf4 Qxf4 26.gxf4 Re1+ 27.Kh2 b6 28.Re5 R1xe5 29.fxe5 Rxe5
30.d6 Kf8 31.Rd2 Ke8 32.d7+ Kd8 33.Rd6 Re6 34.Rd3 Nxd7 35.Bd5 Rf6 36.Bc4 b5  0-1

[Event "European Rapid 2011"]
[Site "Warsaw POL"]
[Date "2011.12.17"]
[Round "3"]
[White "Sjugirov,S"]
[Black "Warszawski,B"]
[Result "1-0"]
[WhiteElo "2622"]
[BlackElo "2278"]

1.e4 c5 2.Nf3 e6 3.d4 cxd4 4.Nxd4 Nc6 5.Nc3 Qc7 6.g3 a6 7.Bg2 Nge7 8.Nb3 Ng6
9.O-O Be7 10.a4 b6 11.f4 Bb7 12.Be3 O-O 13.h4 Bf6 14.h5 Bxc3 15.bxc3 Nge7
16.h6 g6 17.Qd2 d5 18.Qf2 b5 19.Nc5 dxe4 20.Nxe4 Nd5 21.Bc5 Rfd8 22.Rfd1 Nce7
23.Bd4 Nf5 24.Be5 Qc4 25.axb5 Nxh6 26.bxa6 Bxa6 27.Nf6+ Nxf6 28.Bxa8 Rxa8
29.Bxf6 Ng4 30.Qd4  1-0

[Event "European Rapid 2011"]
[Site "Warsaw POL"]
[Date "2011.12.17"]
[Round "3"]
[White "Klekowski,M"]
[Black "Kryvoruchko,Y"]
[Result "0-1"]
[WhiteElo "2308"]
[BlackElo "2666"]

1.e4 c5 2.Nf3 Nc6 3.d4 cxd4 4.Nxd4 e6 5.Nc3 Qc7 6.a3 a6 7.Be3 Nf6 8.Be2 b5
9.O-O Bb7 10.Kh1 Rc8 11.Nxc6 Bxc6 12.Bd3 Qb7 13.f3 d6 14.Qe2 Ra8 15.Qf2 Be7
16.Ne2 O-O 17.Bd4 e5 18.Bc3 Nd7 19.b4 Rac8 20.Qg3 Rfe8 21.Rad1 Nf8 22.Bb2 Ng6
23.f4  0-1

[Event "European Rapid 2011"]
[Site "Warsaw POL"]
[Date "2011.12.17"]
[Round "3"]
[White "Sygulski,P"]
[Black "Shimanov,A"]
[Result "0-1"]
[WhiteElo "2221"]
[BlackElo "2549"]

1.e4 c5 2.Nf3 e6 3.d4 cxd4 4.Nxd4 Nc6 5.Nc3 Qc7 6.Be2 Nf6 7.O-O Be7 8.Kh1 O-O
9.Bg5 a6 10.a4 Ng4 11.Bxg4 Bxg5 12.Nxc6 bxc6 13.Ne2 Bf6 14.c3 d5 15.Bf3 Rb8
16.Qc2 a5 17.Rfb1 Ba6 18.Ng3 Bc4 19.b3 Ba6 20.Ra2 Qe5 21.Rc1 Rb6 22.b4 axb4
23.cxb4 Bc4 24.Ra3 Rxb4 25.a5 Qb2 26.Qxb2 Bxb2 27.Rxc4 Rxc4 28.Rd3 Ra8 29.h4 Rxa5
30.exd5 Ra1+ 31.Kh2 Rxh4+  0-1

[Event "European Rapid 2011"]
[Site "Warsaw POL"]
[Date "2011.12.17"]
[Round "6"]
[White "Kovalev,Vl"]
[Black "Ladva,O"]
[Result "1-0"]
[WhiteElo "2446"]
[BlackElo "2106"]

1.e4 c5 2.Nf3 e6 3.Nc3 Nc6 4.d4 cxd4 5.Nxd4 Nf6 6.Ndb5 d6 7.Bf4 e5 8.Bg5 a6
9.Na3 b5 10.Nd5 Be7 11.Bxf6 Bxf6 12.c4 b4 13.Nc2 O-O 14.Be2 a5 15.O-O Bg5
16.b3 Be6 17.Qd3 Ra7 18.Rad1 Rd7 19.Bf3 Nb8 20.g3 Na6 21.Qe2 Nc5 22.Nce3 g6
23.Bg2 Bxd5 24.Nxd5 Ne6 25.Bh3 Ra7 26.f4 exf4 27.gxf4 Bh6 28.Qf2 Ra8 29.Kh1 Nc7
30.Nb6 Rb8 31.e5 Qe8 32.Rxd6 Ne6 33.Nd7 Qe7 34.Nf6+  1-0

[Event "European Rapid 2011"]
[Site "Warsaw POL"]
[Date "2011.12.17"]
[Round "7"]
[White "Mastrovasilis,D"]
[Black "Butkiewicz,L"]
[Result "1-0"]
[WhiteElo "2621"]
[BlackElo "2422"]

1.e4 c5 2.Nf3 e6 3.d4 cxd4 4.Nxd4 Nc6 5.Nc3 Qc7 6.Be3 a6 7.Qd2 Nf6 8.O-O-O Be7
9.f3 O-O 10.g4 b5 11.g5 Nh5 12.Nce2 Rd8 13.Ng3 Nxd4 14.Bxd4 Nf4 15.Rg1 Bxg5
16.Be3 f6 17.h4 Bh6 18.Nh5 Nxh5 19.Bxh6 Kh8 20.Be3 Bb7 21.Bh3 d5 22.e5 d4
23.Bxd4 f5 24.Qe3 Rac8 25.Rd2 Qc6 26.f4 Qc4 27.b3 Qb4 28.Kb2 Be4 29.c3 Qe7
30.Bf1 Qxh4 31.Rf2 Qe7 32.Be2 g6 33.Bxh5 gxh5 34.Rg5 b4 35.c4 Qd7 36.Rd2 Qf7
37.Bb6 Rxd2+ 38.Qxd2 h6 39.Rg1 h4 40.Bd8 h3 41.Rg3 Kh7 42.Rxh3 Kg7 43.Bf6+ Kh7
44.Bg5 h5 45.Qd1 Kg8 46.Rxh5 Qg7 47.Rh6 Re8 48.Qh5  1-0